000 00638nmm a2200205Ia 4500
008 251105s9999||||xx |||||||||||||||||und||
020 _a847908622X
041 _aspa
100 _aGalache Paya, M. P.
245 0 _aProblemas resueltos de química cuántica y espectroscopia molecular
264 _a[Madrid, España] :
_bPublicaciones de la Universidad de Alicante,
_c2001
300 _a200 páginas
490 _aCiencias
650 _aSciences
700 _aGalache Paya, M. P.
700 1 _a Esteban Elum, A. L.
700 1 _a Pérez Martínez, J. M.
856 _uhttps://public.digitaliapublishing.com/a/773
942 _cCF
999 _c65751
_d65751